Revitalizácia kultúrneho dedičstva v európskom kontexte

Základným nástrojom usmerňovania procesu revitalizácie historických urbanistických štruktúr je územný plán. Návrh kritérií hodnotenia kultúrneho dedičstva na úrovni regiónu. Návrh kritérií hodnotenia kultúrneho dedičstva v sídlach. Návrh regulatívov pre proces revitalizácie kultúrneho potenciálu kra...

Descrizione completa

Salvato in:
Dettagli Bibliografici
Autore principale: Berková, Alexandra
Natura: Capitolo di libro
Lingua:slovacco
Soggetti:
Tags: Aggiungi Tag
Nessun Tag, puoi essere il primo ad aggiungerne!!

MARC

LEADER 00000naa$a2200000$$$4500
001 0018286
005 20230928075306.1
041 0 |a slo 
044 |a SK 
245 1 0 |a Revitalizácia kultúrneho dedičstva v európskom kontexte  |c aut. Alexandra Berková 
520 |a Základným nástrojom usmerňovania procesu revitalizácie historických urbanistických štruktúr je územný plán. Návrh kritérií hodnotenia kultúrneho dedičstva na úrovni regiónu. Návrh kritérií hodnotenia kultúrneho dedičstva v sídlach. Návrh regulatívov pre proces revitalizácie kultúrneho potenciálu krajinných a sídelných štruktúr. 
610 2 0 |a pamiatky 
610 2 0 |a história 
610 2 0 |a revitalizácia 
610 2 0 |a regióny 
610 2 0 |a plán územný 
610 2 0 |a ochrana pamiatok 
610 2 0 |a Európa 
610 2 0 |a Slovensko 
100 1 |a Berková, Alexandra